Brentford FC Squad 2024-2025 - Statistics

General Stats
  • This quiz has been taken 257 times
    100 since last reset
  • The average score is 20 of 31
Answer Stats
# Position Nation Player % Correct
11 FW DR Congo Yoane Wissa
100%
19 FW Cameroon Bryan Mbeumo
94%
1 GK Netherlands Mark Flekken
92%
6 MF Denmark Christian Nørgaard
91%
24 FW Denmark Mikkel Damsgaard
89%
7 FW Germany Kevin Schade
88%
5 DF Jamaica Ethan Pinnock
85%
27 MF Germany Vitaly Janelt
85%
8 MF Denmark Mathias Jensen
80%
22 DF Ireland Nathan Collins
80%
20 DF Norway Kristoffer Ajer
77%
- Coach Denmark Thomas Frank
76%
4 DF Netherlands Sepp van den Berg
74%
2 DF Scotland Aaron Hickey
73%
3 DF England Rico Henry
73%
9 FW Brazil Igor Thiago
71%
14 MF Portugal Fábio Carvalho
68%
23 FW England Keane Lewis-Potter
68%
16 DF England Ben Mee
67%
10 MF England Josh Dasilva
55%
30 DF Denmark Mads Roerslev
52%
18 MF Ukraine Yegor Yarmolyuk
52%
33 DF Italy Michael Kayode
48%
12 GK Iceland Hákon Rafn Valdimarsson
47%
36 DF South Korea Ji-soo Kim
47%
26 MF Turkey Yunus Emre Konak
41%
39 FW Brazil Gustavo Nunes
33%
32 MF England Paris Maghoma
26%
21 DF England Jayden Meghoma
20%
13 GK England Matthew Cox
20%
28 MF England Ryan Trevitt
17%
No matching quizzes found
Score Distribution
Percent of People with Each Score
Percentile by Number Answered
Your Score History
You have not taken this quiz since the last reset